|
|
|
|
| LEADER |
00000nam a2200000 4500 |
| 001 |
vtls012281128 |
| 003 |
SK-MaSNL |
| 005 |
20260301232306.0 |
| 008 |
251112s1726 gw f f 000 0 ger |
| 015 |
|
|
|a SNBHFA
|
| 040 |
|
|
|a SNKHF
|b slo
|c SNK
|e rda
|
| 041 |
0 |
|
|a ger
|
| 043 |
|
|
|a e-gx---
|
| 044 |
|
|
|a gw
|c DE
|
| 072 |
|
7 |
|a 93/94
|x Dejiny (všeobecne)
|2 konspekt
|
| 080 |
|
|
|a 93/94
|2 2011
|
| 080 |
|
|
|a (430.246)
|2 2011
|
| 080 |
|
|
|a 32
|2 2011
|
| 080 |
|
|
|a (430)
|2 2011
|
| 130 |
0 |
|
|a Gespräch
|9 373855
|
| 245 |
1 |
0 |
|a Besprảche Jn Dem Reiche derer Todten,
|b Zwischen Henrico Leone Einem gewaltigen Hertzog zu Sachsen und Bayern, von welchem das heutige Braunschweig-Lủneburgische gesamte Durchlauchtigste Haus abstammet, Und Augusto Einem sehr lỏblichen Hertzog aus diesem vortreflichen Hause, der jetzt-regierenden Rỏmischen Kảyserin Ur-Groß-Vater, so ein rechtes Muster hoher Tugenden zu nennen, Worinnen das Leben, die Thaten und Fata, wie auch der Todt, beyder weltberủhmten lỏblicher Fủrsten, nebst verschiedenen andern remarquablen Dingen, enthalten. Samt dem Kern derer neuesten Merckwủrdigkeiten, und darủber gemachten curieusen Reflexionen.
|n Vier und Neunzigste Entrevuë
|
| 264 |
|
3 |
|a Leipzig,
|b verlegts Wolffgang deer, unter Herrn Johann Schmabens Hause, in der Grimmischen Gasse,
|c 1726
|
| 300 |
|
|
|a 5 nečíslovaných strán, strany 1010 - 1076
|b 1 ilustrovaný list
|c 4°
|
| 336 |
|
|
|a statický obraz
|b sti
|2 rdacontent
|
| 336 |
|
|
|a text
|b txt
|2 rdacontent
|
| 337 |
|
|
|a bez média
|b n
|2 rdamedia
|
| 338 |
|
|
|a zväzok
|b nc
|2 rdacarrier
|
| 500 |
|
|
|a Vinety, vlysy, linky, medirytinový ilustrovaný list
|
| 501 |
|
|
|a Príväzok 12. k: GESPRÄCH. Besprảche Jn Dem Reiche derer Todten, Ein und Achtzigste Entrevuë. Leipzig: verlegts Wolffgang deer, 1725.
|5 SNK IC 146461/81-96
|
| 504 |
|
|
|a Kustody
|
| 510 |
4 |
|
|a VD 18
|c 15238296
|
| 546 |
|
|
|a Nemčina
|b Fraktúra
|
| 546 |
|
|
|a Latinčina
|b Antikva
|b Kurzíva
|
| 561 |
|
|
|a Proveniencia: Pečiatka Dr. E. Kadarász-vernot Poz Margity Zayovej.
|5 SNK IC 146461/81-96/prív.12
|
| 600 |
0 |
2 |
|a Heinrich der Löwe,
|c saské knieža,
|d asi 1129-1195
|2 SNKMA
|9 625704
|
| 600 |
0 |
2 |
|a August
|b I.,
|c brunšvicko-lüneburské knieža,
|d 1568-1636
|2 SNKMA
|9 358733
|
| 650 |
0 |
7 |
|a dejiny
|2 SNKPH
|9 3825
|
| 650 |
0 |
7 |
|a politika
|2 SNKPH
|9 968
|
| 651 |
|
7 |
|a Sasko (Nemecko)
|2 SNKPH
|9 212151
|
| 651 |
|
7 |
|a Braunschweig (Nemecko)
|2 SNKPH
|9 93529
|
| 655 |
|
7 |
|a rozhovory
|2 SNKPH
|9 31831
|
| 700 |
1 |
|
|a Zaiová, Margita,
|d 1868-1937
|4 fmo
|9 186369
|
| 700 |
1 |
|
|a Deer, Wolffgang,
|d činný 1723-1752
|4 prt
|9 373857
|
| 710 |
0 |
|
|a Deer, Wolffgang (Lipsko, Nemecko),
|d 1723-1752
|4 prt
|9 373858
|
| 752 |
|
|
|a Nemecko
|d Lipsko
|
| 852 |
|
|
|a Slovenská národná knižnica
|b Zaiova knižnica: Zay 11 177 (Z 12 705)
|p IC 146461/81-96/prív.12
|
| 958 |
|
|
|a DD
|
| 958 |
|
|
|a ONDV
|
| 999 |
|
|
|c 961007
|d 962937
|
| 952 |
|
|
|t Zay 11 177 (Z 12 705)
|a SNK
|b SNK
|c SNK_HF
|y PREZ
|7 0
|p 17A1567905
|o snkIC 146461/81-96/prív.12
|i snk2025/12842
|8 5
|z 12. prívảzok
|0 0
|1 0
|4 0
|d 2025-08-08
|l 0
|r 2026-02-24 10:18:31
|w 2026-02-24
|